000 00880cad a22001935a 4500
001 L154238
008 111107s2011 xxk f 000 0 eng d
035 _a(Sirsi) u154238
041 0 _aeng
110 2 _aBritish Standards Institution
_9130
245 0 0 _aBuilding for the future
_ba partnership through compliance
_h[electronic resource]
260 _aMilton Keynes
_bBSI
_c2011
520 _aCertification and testing for construction products, a list of British Standards, kitemarks.
590 _aKA
651 4 _aUnited Kingdom
_y
690 _aBUILT ENVIRONMENT-BUILDING STANDARDS
856 4 0 _uhttps://www.bsigroup.com/upload/Chris/Construction%20Bro%200811v1.pdf?utm_source=BUILDK-NA&utm_medium=et_mail&utm_content=2481902&utm_campaign=BUILDK-NA_20_October_2011&utm_term=Kitemark+Construction+brochure
_zView this item free of charge at www.bsigroup.com
942 _n0
999 _c112894
_d112894